header

IBM Rational ClearCase 7.0 (Record no. 241853)

MARC details
000 -LEADER
fixed length control field 01402nam a2200313 a 4500
100 1# - MAIN ENTRY--AUTHOR NAME
Personal name Girod, Marc.
245 10 - TITLE STATEMENT
Title IBM Rational ClearCase 7.0
260 ## - PUBLICATION, DISTRIBUTION, ETC. (IMPRINT)
Place of publication Birmingham, U.K. :
Name of publisher Packt Enterprise,
Year of publication 2011.
300 ## - PHYSICAL DESCRIPTION
Number of Pages vii, 339 p. :
Other physical details ill.
500 ## - GENERAL NOTE
General note "Professional expertise distilled"--Cover.
General note Includes index.
650 #0 - SUBJECT ADDED ENTRY--TOPICAL TERM
Topical Term Software configuration management.
700 1# - ADDED ENTRY--PERSONAL NAME
Personal name Schpichko, Tatiana.
856 40 - ELECTRONIC LOCATION AND ACCESS
Uniform Resource Identifier http://site.ebrary.com/lib/rucke/Doc?id=10467619

No items available.

© 2026 Rongo University
Contact us: librarian | system librarian | Rongo university